[Event "Madrid-chT Honor 2122"]
[Site "Madrid"]
[Date "2021.11.28"]
[Round "1.6"]
[White "Ruiz Buendia, Miguel"]
[Black "Esquivias Gomez, Francisco Javier"]
[Result "0-1"]
[WhiteElo "2141"]
[BlackElo "1986"]
[PlyCount "78"]
[EventDate "2021.11.27"]
[EventType "team-tourn"]
[EventRounds "14"]
[EventCountry "ESP"]
[SourceTitle "EXT 2024"]
[Source "ChessBase"]
[SourceDate "2023.10.10"]
[SourceVersion "1"]
[SourceVersionDate "2023.10.10"]
[SourceQuality "1"]
[WhiteTeam "Collado Villalba"]
[BlackTeam "San Sebastian de los Reyes"]
[WhiteTeamCountry "ESP"]
[BlackTeamCountry "ESP"]

1. e4 g6 2. d4 Bg7 3. c4 c5 4. d5 d6 5. Nc3 Nf6 6. Nf3 0-0 7. Bd3 a6 8. a4 b6 9. 0-0 e6 10. Bg5 exd5 11. cxd5 Qc7 12. Nd2 Nbd7 13. f4 Bb7 14. Nc4 Rac8 15. Be2 Qb8 16. Ra3 Rce8 17. Qd3 b5 18. axb5 axb5 19. Nxb5 Nxe4 20. Rb3 Ba6 21. Qc2 Bxb5 22. Na3 Bd4+ 23. Kh1 Ba4 24. Rxb8 Bxc2 25. Rxe8 Rxe8 26. Nxc2 Nxg5 27. Nxd4 cxd4 28. Bb5 Ne4 29. Bxd7 Rb8 30. g3 Rxb2 31. Re1 f5 32. Ba4 Nc3 33. Bd7 d3 34. Re8+ Kg7 35. Re7+ Kh6 36. g4 d2 37. g5+ Kh5 38. Rxh7+ Kg4 39. Ba4 Nxa4 0-1

[Event "Collado Villalba op-A 34th"]
[Site "Collado Villalba"]
[Date "2017.08.23"]
[Round "2"]
[White "Perez Vazquez, Manuel"]
[Black "Esquivias Gomez, Francisco Javier"]
[Result "1/2-1/2"]
[WhiteElo "1856"]
[BlackElo "2015"]
[PlyCount "55"]
[EventDate "2017.08.22"]
[EventType "swiss"]
[EventRounds "9"]
[EventCountry "ESP"]
[SourceTitle "CBM 180 Extra"]
[Source "ChessBase"]
[SourceDate "2017.10.06"]
[SourceVersion "1"]
[SourceVersionDate "2017.10.06"]
[SourceQuality "1"]

1. d4 c5 2. d5 e5 3. e4 a6 4. a4 d6 5. Nc3 Be7 6. Nf3 Bg4 7. Be2 Bxf3 8. Bxf3 Bg5 9. Bxg5 Qxg5 10. h4 Qd8 11. g3 Nd7 12. a5 Nh6 13. g4 f6 14. Qd2 Nf7 15. b3 Qc7 16. Be2 0-0-0 17. Nd1 g6 18. Ne3 Kb8 19. b4 cxb4 20. Qxb4 Qc5 21. Rb1 Qxb4+ 22. Rxb4 Ka7 23. Kd2 Nc5 24. Rhb1 Rd7 25. Rg1 Rc7 26. Rh1 Rd7 27. Rg1 Rc7 28. Rh1 1/2-1/2

[Event "San Sebastian de los Reyes op 15th"]
[Site "San Sebastian"]
[Date "2013.12.03"]
[Round "4"]
[White "Cerrato Torrijos, Javier"]
[Black "Esquivias Gomez, Francisco Javier"]
[Result "1/2-1/2"]
[WhiteElo "1794"]
[BlackElo "1978"]
[PlyCount "163"]
[EventDate "2013.11.30"]
[EventType "swiss"]
[EventRounds "9"]
[EventCountry "ESP"]
[SourceTitle "CBM 157 Extra"]
[Source "ChessBase"]
[SourceDate "2013.12.19"]
[SourceVersion "1"]
[SourceVersionDate "2013.12.19"]
[SourceQuality "1"]

1. e4 Nf6 2. e5 Nd5 3. c4 Nb6 4. d4 d6 5. exd6 cxd6 6. Nf3 Bg4 7. Be2 e6 8. Nc3 Be7 9. Be3 0-0 10. b3 a5 11. 0-0 d5 12. c5 Bxf3 13. Bxf3 N6d7 14. Rc1 Nc6 15. a4 Rc8 16. Nb5 b6 17. cxb6 Qxb6 18. Qe2 Bf6 19. Rfd1 Ndb8 20. Qd2 Nb4 21. Bf4 N8a6 22. h3 Rfe8 23. Be2 h6 24. Be3 Nc6 25. f4 Nab4 26. Bg4 Ne7 27. Rxc8 Rxc8 28. Rc1 Rxc1+ 29. Qxc1 Qc6 30. Qxc6 Nbxc6 31. Kf2 g6 32. Ke2 h5 33. Bf3 Nf5 34. Kd3 Nb4+ 35. Kd2 h4 36. Bf2 g5 37. fxg5 Bxg5+ 38. Kc3 Be3 39. Bxe3 Nxe3 40. Nd6 Nc6 41. Nb5 Kg7 42. Kd3 Nf5 43. Bg4 Ng3 44. Ke3 f5 45. Bf3 Kf6 46. Kd3 f4 47. Nc7 Nb4+ 48. Kc3 Ne4+ 49. Kb2 e5 50. Nb5 Ng5 51. dxe5+ Kxe5 52. Kc3 Ne6 53. Na3 Nc5 54. Nc2 Nxc2 55. Kxc2 Kd4 56. Kb2 Nd3+ 57. Kc2 Nb4+ 58. Kd2 Nc6 59. Bg4 Ne5 60. Bf3 Nd7 61. Kc1 Nc5 62. Kc2 Ne4 63. Be2 Ke3 64. Bf3 Kd4 65. Kb2 Kd3 66. b4 axb4 67. a5 Nc5 68. Bxd5 Kd4 69. Bb7 Nxb7 70. a6 Nc5 71. a7 Na4+ 72. Kb3 Nb6 73. Kxb4 Kd5 74. Kb5 Na8 75. Ka6 Kc6 76. Ka5 Nc7 77. Kb4 Nd5+ 78. Kc4 Ne3+ 79. Kd3 Kb7 80. Ke2 Nxg2 81. a8Q+ Kxa8 82. Kf3 1/2-1/2

[Event "San Sebastian de los Reyes op 15th"]
[Site "San Sebastian"]
[Date "2013.12.02"]
[Round "3"]
[White "Esquivias Gomez, Francisco Javier"]
[Black "Rodriguez Anton, Jose Miguel"]
[Result "1-0"]
[WhiteElo "1978"]
[BlackElo "1761"]
[PlyCount "71"]
[EventDate "2013.11.30"]
[EventType "swiss"]
[EventRounds "9"]
[EventCountry "ESP"]
[SourceTitle "CBM 157 Extra"]
[Source "ChessBase"]
[SourceDate "2013.12.19"]
[SourceVersion "1"]
[SourceVersionDate "2013.12.19"]
[SourceQuality "1"]

1. e4 c5 2. Nc3 d6 3. f4 e6 4. Nf3 a6 5. a4 b6 6. Be2 Bb7 7. 0-0 Nd7 8. Kh1 Be7 9. Bc4 Ngf6 10. d3 d5 11. exd5 exd5 12. Bb3 d4 13. Ng5 0-0 14. Nce4 Nxe4 15. Nxe4 Nf6 16. Ng5 h6 17. Nf3 Qd7 18. Ne5 Qh3 19. Qe2 Bd6 20. Kg1 Qh5 21. Qxh5 Nxh5 22. Bd2 Bxe5 23. fxe5 Rae8 24. g4 Rxe5 25. gxh5 Rxh5 26. Rae1 Rh4 27. Rf4 Rh5 28. Rf2 Rh4 29. Re7 Bc8 30. Rexf7 Rxf7 31. Rxf7 Kh7 32. Bd5 Bh3 33. Rf4 Rh5 34. Be4+ Kg8 35. Rf2 Bg4 36. Bf3 1-0

[Event "Villalba op 1st"]
[Site "Villalba"]
[Date "2013.07.28"]
[Round "2.18"]
[White "Esquivias Gomez, Francisco Javier"]
[Black "Vazquez Cabeza, Isaac"]
[Result "1-0"]
[WhiteElo "1969"]
[BlackElo "1510"]
[PlyCount "41"]
[EventDate "2013.07.27"]
[EventType "swiss"]
[EventRounds "9"]
[EventCountry "ESP"]
[SourceTitle "EXT 2024"]
[Source "ChessBase"]
[SourceDate "2023.10.10"]
[SourceVersion "1"]
[SourceVersionDate "2023.10.10"]
[SourceQuality "1"]

1. e4 e6 2. d4 d5 3. e5 c5 4. Nf3 Nc6 5. Bd3 cxd4 6. 0-0 f6 7. Qe2 fxe5 8. Nxe5 Nxe5 9. Qxe5 Qf6 10. Qc7 a6 11. Bxa6 Rxa6 12. Qxc8+ Qd8 13. Qxb7 Rb6 14. Qa7 Qd6 15. Qa4+ Rc6 16. Qxd4 e5 17. Re1 Kf7 18. Rxe5 Rxc2 19. Nc3 Qf6 20. Qxd5+ Kg6 21. Re6 1-0

[Event "Tres Cantos op 5th"]
[Site "Tres Cantos"]
[Date "2013.06.22"]
[Round "2"]
[White "Del Rio de Angelis, Salvador Gabriel"]
[Black "Esquivias Gomez, Francisco Javier"]
[Result "1-0"]
[WhiteElo "2505"]
[BlackElo "1969"]
[PlyCount "85"]
[EventDate "2013.06.21"]
[EventType "swiss"]
[EventRounds "9"]
[EventCountry "ESP"]
[SourceTitle "EXT 2014"]
[Source "ChessBase"]
[SourceDate "2013.11.20"]
[SourceVersion "1"]
[SourceVersionDate "2013.11.20"]
[SourceQuality "1"]

1. d4 d5 2. c4 c6 3. Nf3 Nf6 4. Nc3 dxc4 5. a4 Bf5 6. Nh4 e6 7. Nxf5 exf5 8. e3 Bb4 9. Bxc4 0-0 10. Qc2 g6 11. 0-0 Nbd7 12. f3 a5 13. Bb3 Qb6 14. Kh1 Rac8 15. e4 c5 16. Bh6 c4 17. Ba2 Rfe8 18. e5 Bxc3 19. bxc3 Nd5 20. Rab1 Qc6 21. Bd2 b6 22. Rb5 Nf8 23. f4 Ne6 24. Qd1 Nec7 25. Rb2 Kg7 26. Bb1 b5 27. axb5 Nxb5 28. Qf3 Rb8 29. Ra2 a4 30. Bc2 a3 31. g4 fxg4 32. Qg2 Qd7 33. Ba4 Ra8 34. Rxa3 Rxa4 35. Rxa4 Nxd4 36. cxd4 Qxa4 37. Qxd5 Qc2 38. Bc1 Qd3 39. Kg1 c3 40. Re1 c2 41. Qe4 Qd1 42. d5 Rb8 43. e6 1-0

[Event "Madrid-ch sf-B"]
[Site "Madrid"]
[Date "2013.03.07"]
[Round "1"]
[White "Cabanas Bravo, Juan Andres"]
[Black "Esquivias Gomez, Francisco Javier"]
[Result "0-1"]
[WhiteElo "2103"]
[BlackElo "1951"]
[PlyCount "66"]
[EventDate "2013.03.07"]
[EventType "swiss"]
[EventRounds "9"]
[EventCountry "ESP"]
[SourceTitle "CBM 153 Extra"]
[Source "ChessBase"]
[SourceDate "2013.04.22"]
[SourceVersion "1"]
[SourceVersionDate "2013.04.22"]
[SourceQuality "1"]

1. e4 d5 2. Nf3 dxe4 3. Ng5 Bf5 4. Nc3 Nf6 5. f3 e3 6. d4 e6 7. Bxe3 Bb4 8. Bd3 Nd5 9. Qd2 Nxe3 10. Qxe3 Bxd3 11. cxd3 h6 12. Nge4 Nc6 13. a3 Nxd4 14. 0-0-0 Be7 15. Kb1 0-0 16. g4 f5 17. Nd2 fxg4 18. fxg4 Bg5 19. Qe4 Rf2 20. Nc4 b5 21. Ne5 Rf4 22. Qg2 Rb8 23. Ng6 b4 24. axb4 Rf6 25. Qe4 Rxb4 26. h4 Rf2 27. Na4 Qb8 28. Qxd4 Rxd4 29. Rhf1 Be3 30. Rxf2 Bxf2 31. Rf1 Rxa4 32. Rxf2 Rxg4 33. h5 Qe8 0-1

[Event "San Sebastian de los Reyes op 14th"]
[Site "San Sebastian"]
[Date "2012.12.09"]
[Round "9"]
[White "Garceran Izquierdo, Ruben"]
[Black "Esquivias Gomez, Francisco Javier"]
[Result "0-1"]
[WhiteElo "1669"]
[BlackElo "1981"]
[PlyCount "112"]
[EventDate "2012.12.01"]
[EventType "swiss"]
[EventRounds "9"]
[EventCountry "ESP"]
[SourceTitle "EXT 2014"]
[Source "ChessBase"]
[SourceDate "2013.11.20"]
[SourceVersion "1"]
[SourceVersionDate "2013.11.20"]
[SourceQuality "1"]

1. c4 f5 2. Nf3 Nf6 3. e3 g6 4. h4 d6 5. h5 Nxh5 6. Rxh5 gxh5 7. Ng5 Bg7 8. Qxh5+ Kd7 9. Qf7 Qg8 10. Qxf5+ e6 11. Qf3 Qe8 12. d4 Qe7 13. Ne4 Nc6 14. Bd2 b6 15. Nbc3 Bb7 16. 0-0-0 Raf8 17. Qh3 Kc8 18. f4 Kb8 19. Ng5 Nd8 20. Bd3 h6 21. Nf3 Bf6 22. Ne4 Rhg8 23. Nxf6 Qxf6 24. Rh1 Nf7 25. d5 exd5 26. Bc3 Qe7 27. Nh4 Bc8 28. Nf5 Bxf5 29. Bxf5 Re8 30. Re1 dxc4 31. Bh7 Ng5 32. fxg5 Qxh7 33. Qxh6 Qe4 34. g3 Qf3 35. g6 Re6 36. Qf4 Qxf4 37. gxf4 Rexg6 38. f5 Rg1 39. f6 Rxe1+ 40. Bxe1 Rf8 41. Bc3 d5 42. Kd2 Kc8 43. Ke2 Kd7 44. Kf3 Ke6 45. e4 dxe4+ 46. Kxe4 c5 47. a4 a6 48. Kf4 b5 49. a5 b4 50. Be5 Rd8 51. Bc7 Rd5 52. Ke4 Rh5 53. Bd8 c3 54. bxc3 b3 55. Kd3 Rh2 56. Bc7 Rg2 0-1

[Event "Madrid-ch sf-B"]
[Site "Madrid"]
[Date "2012.03.24"]
[Round "3"]
[White "Esquivias Gomez, Francisco Javier"]
[Black "Rodriguez Vignote, Javier"]
[Result "1-0"]
[WhiteElo "2016"]
[BlackElo "1923"]
[PlyCount "99"]
[EventDate "2012.03.22"]
[EventType "swiss"]
[EventRounds "9"]
[EventCountry "ESP"]
[SourceTitle "EXT 2013"]
[Source "ChessBase"]
[SourceDate "2012.11.22"]
[SourceVersion "1"]
[SourceVersionDate "2012.11.22"]
[SourceQuality "1"]

1. e4 e6 2. d4 d5 3. e5 c5 4. Nf3 Nc6 5. Bd3 Qb6 6. 0-0 cxd4 7. a3 Nge7 8. Re1 Ng6 9. h4 Qc7 10. Qe2 Be7 11. h5 Nh4 12. Nxh4 Bxh4 13. Qg4 Bxf2+ 14. Kxf2 f5 15. Qg3 Rg8 16. Kg1 g5 17. c3 Qg7 18. Bb5 dxc3 19. Bxc6+ bxc6 20. Nxc3 f4 21. Qg4 Rf8 22. Bd2 Rb8 23. Na4 Rf5 24. Bc3 a5 25. Nc5 a4 26. Rf1 Rb5 27. Bd4 Qa7 28. Rac1 Qf7 29. Rf3 Qf8 30. Nxa4 Bd7 31. Nc5 Qg7 32. b4 Ke7 33. Nxd7 Kxd7 34. Rfc3 c5 35. Bxc5 Qxe5 36. Bf2 Rb7 37. h6 Qf6 38. Rc6 f3 39. Qd4 Qxh6 40. gxf3 Rxf3 41. Qxd5+ exd5 42. Rxh6 Rf7 43. Rcc6 Ke8 44. Bc5 Rf3 45. Rhf6 Rg3+ 46. Kh2 Rxa3 47. Rf8+ Kd7 48. Rd6+ Kc7 49. Rf7+ Kc8 50. Rc6+ 1-0

[Event "San Sebastian de los Reyes op 13th"]
[Site "San Sebastian"]
[Date "2011.12.03"]
[Round "2"]
[White "Esquivias Gomez, Francisco Javier"]
[Black "Palenciano Escolar, Adrian"]
[Result "1-0"]
[WhiteElo "2034"]
[BlackElo "1623"]
[PlyCount "69"]
[EventDate "2011.12.02"]
[EventType "swiss"]
[EventRounds "9"]
[EventCountry "ESP"]
[SourceTitle "CBM 145 Extra"]
[Source "ChessBase"]
[SourceDate "2012.01.03"]
[SourceVersion "1"]
[SourceVersionDate "2012.01.03"]
[SourceQuality "1"]

1. e4 c5 2. Nc3 Nc6 3. f4 d6 4. Bb5 Bd7 5. Nf3 g6 6. 0-0 Bg7 7. Bxc6 Bxc6 8. d3 e6 9. Qe1 Nf6 10. e5 dxe5 11. fxe5 Bxf3 12. exf6 Bxf6 13. Rxf3 0-0 14. Qf2 Bd4 15. Be3 Bxe3 16. Qxe3 Qd4 17. Re1 Rfe8 18. Ne4 Qxe3+ 19. Rexe3 Rec8 20. Nd6 Rc7 21. a4 a6 22. a5 Rd8 23. Nc4 Kg7 24. b3 Re8 25. g4 f6 26. h4 Rc6 27. g5 f5 28. Rf4 Rd8 29. Ne5 Rcd6 30. Rc4 Rd5 31. b4 Rc8 32. Nf3 Kf7 33. Re5 Rxe5 34. Nxe5+ Ke7 35. bxc5 1-0

[Event "San Sebastian de los Reyes op 12th"]
[Site "San Sebastian"]
[Date "2010.12.07"]
[Round "8"]
[White "Roa Alonso, Santiago"]
[Black "Esquivias Gomez, Francisco Javier"]
[Result "1-0"]
[WhiteElo "2454"]
[BlackElo "2015"]
[PlyCount "75"]
[EventDate "2010.11.30"]
[EventType "swiss"]
[EventRounds "9"]
[EventCountry "ESP"]
[SourceTitle "CBM 139 Extra"]
[Source "ChessBase"]
[SourceDate "2011.01.05"]
[SourceVersion "1"]
[SourceVersionDate "2011.01.05"]
[SourceQuality "1"]

1. d4 Nf6 2. c4 c5 3. d5 b5 4. cxb5 a6 5. b6 Qxb6 6. Nc3 d6 7. e4 g6 8. Nf3 Bg4 9. Qa4+ Bd7 10. Qc2 Bg7 11. Nd2 0-0 12. Nc4 Qc7 13. Be2 Bb5 14. 0-0 Nbd7 15. Bd2 Nb6 16. Nxb5 axb5 17. Na5 Nbxd5 18. exd5 Rxa5 19. Bxa5 Qxa5 20. Rfd1 Nd7 21. a4 bxa4 22. Rxa4 Qb6 23. b3 Rb8 24. Rd3 Bd4 25. Qd2 Nf6 26. Bf3 Qb5 27. h4 h5 28. Ra7 Rb7 29. Rxb7 Qxb7 30. Qa5 Ng4 31. b4 Bxf2+ 32. Kf1 cxb4 33. Bxg4 Bb6 34. Bc8 Qc7 35. Qxb4 Ba5 36. Qa4 Qxc8 37. Qxa5 Qf5+ 38. Rf3 1-0

[Event "Tres Cantos op 2nd"]
[Site "Tres Cantos"]
[Date "2010.06.27"]
[Round "9"]
[White "Gil Fernandez, Daniel"]
[Black "Esquivias Gomez, Francisco Javier"]
[Result "0-1"]
[WhiteElo "1849"]
[BlackElo "2005"]
[PlyCount "80"]
[EventDate "2010.06.19"]
[EventType "swiss"]
[EventRounds "9"]
[EventCountry "ESP"]
[SourceTitle "CBM 137 Extra"]
[Source "ChessBase"]
[SourceDate "2010.09.01"]
[SourceVersion "1"]
[SourceVersionDate "2010.09.01"]
[SourceQuality "1"]

1. d4 f5 2. e3 Nf6 3. Nf3 g6 4. b3 Bg7 5. Bb2 0-0 6. Nc3 a6 7. Qd2 c5 8. 0-0-0 cxd4 9. exd4 b5 10. Ne5 d6 11. Nd3 Ne4 12. Qe3 Bb7 13. f3 f4 14. Qe1 Nxc3 15. Bxc3 Bd5 16. Ba5 Qd7 17. Nb4 Bf7 18. Qe4 Ra7 19. Nd5 Nc6 20. Bc3 g5 21. Bd3 Bg6 22. Qe2 Bxd3 23. Qxd3 e6 24. Nb4 a5 25. Nxc6 Qxc6 26. Bb2 d5 27. Rhe1 b4 28. a4 bxa3 29. Bxa3 Rc8 30. Bc5 Ra6 31. Kd2 e5 32. c3 Raa8 33. Qf5 h6 34. Rc1 Re8 35. Kd3 Qb5+ 36. Kc2 a4 37. b4 Qc4 38. dxe5 Qa2+ 39. Kd3 Qxg2 40. Rf1 Rxe5 0-1